| 000 | 00993nam a2200289 i 4500 | ||
|---|---|---|---|
| 001 | bg | ||
| 003 | BPK | ||
| 005 | 20210825145543.0 | ||
| 008 | 990417s1999 pl a f |000 0 pol | ||
| 015 | _aPB 1999/5980 | ||
| 020 | _a8385393706 | ||
| 040 |
_aWA N _cBPK |
||
| 041 | 0 | _apol | |
| 080 | _a349.442:349.6(438) | ||
| 080 | _a(083) | ||
| 100 | 1 |
_aKorzeniewski, Władysław _eAutor |
|
| 245 | 1 | 0 |
_aOdległości w zabudowie i zagospodarowaniu terenu / _cWładysław Korzeniewski. |
| 250 | _aWyd. 3, stan prawny na dzień 1 stycznia 1999 r. | ||
| 260 |
_aWarszawa : _bCentralny Ośrodek Informacji Budownictwa, _c1999. |
||
| 300 |
_a170 s. : _brys. ; _c21 cm. |
||
| 650 | 4 |
_aBudownictwo _xprawo _zPolska. |
|
| 650 | 4 |
_aPlanowanie przestrzenne _xprawo _zPolska. |
|
| 650 | 4 |
_aPrawo ochrony środowiska _zPolska. |
|
| 655 | 4 | _aPoradnik | |
| 856 |
_uhttp://koha.tu.koszalin.pl/cgi-bin/koha/opac-detail.pl?biblionumber=39523 _yKatalog online BPK |
||
| 942 |
_2UKD _cKS |
||
| 999 |
_c39523 _d39523 |
||